00526nam a2200169 a 4500020002900000040000800029082002700037100002400064245005700088246004200145250001700187260003500204300005900239500002000298650001500318700002300333 a0314201467 (student ed.) cDLC00a910 WES 1997 A101 Or. 1 aEnglish, Paul Ward.10aGeography :bpeople and places in a changing world /30aPeople and places in a changing world aRev. 2nd ed. aSt. Paul :bWest Pub.,cc1997. axxxii, 734 p. :bill. (some col.), col. maps ;c27 cm. aIncludes index. 0aGeography.1 aRobinson, Brian S.